| 000 | 00506nam a2200157 a 4500 | ||
|---|---|---|---|
| 001 | 1869 | ||
| 003 | CDMR | ||
| 005 | 20130116135216.0 | ||
| 008 | 130130s1994||||||||||||||||||||||||||||d | ||
| 040 |
_aCDMR _bcat _cCPC GIRONA |
||
| 100 | 1 |
_aBusquets Dalmau, Joan _91393 |
|
| 245 | 1 | 3 |
_aLa Catalunya del barroc vista des de Girona _bLa crònica de Jeroni de Real (1626-1683) _cBusquets Dalmau, Joan |
| 260 |
_c1994 _bPublicacions de l'Abadia de Montserrat |
||
| 490 | 0 |
_aBiblioteca Abat Oliba _v136 _9683 |
|
| 942 | _cMON | ||
| 999 |
_c1869 _d1869 |
||